000 00523nam a2200181Ia 4500
008 100917s9999 xx 000 0 und d
082 _b52665
100 _aकुलकर्णी स्नेहसुधा
245 _aपतिव्रता
260 _bनिहारा प्रकाशन
_c1982
300 _a134
365 _b16
520 _aकादंबरी
630 _aपतिव्रता
650 _aकादंबरी
730 _aपतिव्रता
942 _cBOOK
999 _c658059
_d658056